000 00543nam a2200229Ia 4500
003 OSt
005 20220918192712.0
006 a|||||r|||| 00| 0
007 ta
008 220917b |||||||| |||| 00| 0 eng d
024 _a69,712
037 _cTextual
040 _aARTS
_cARTS
_beng
041 _2eng
_aeng
082 _aQz7, K1-;1
100 _aBouquet A C
_972717
245 0 _aComparative religion
260 _c1961
650 _aRELIGION
942 _hQz7, K1-;1
_cTEXL
_2CC
999 _c195843
_d195843